| 000 | 00675nam a22001337a 4500 | ||
|---|---|---|---|
| 040 | _cRUA | ||
| 082 | _aAGR ROS 2017 B633 Or.1 | ||
| 100 | _aROS DOLLA រស់ ដុឡា | ||
| 245 | _aEffect of rice husk charcoal rates on buching onion ( Allium fistulosum L) in prateahlang soil condition ឥទ្ធិពលនៃបរិមាណធ្យូងអង្កាមទៅលើដំណាំខ្ទឹមស្លឹកក្នុងលក្ខខណ្ឌប្រទះឡាង | ||
| 260 |
_aRUA _bphnom penh _c2017 |
||
| 300 |
_ax;31p _bill; _c29cm |
||
| 856 | _uhttps://drive.google.com/file/d/1knVUihzxLhCKYaZL-EUgURuHWfv8IFpA/view?usp=sharing | ||
| 942 | _cAGR | ||
| 999 |
_c17955 _d17955 |
||